| 000 | 01110nam a22002537a 4500 | ||
|---|---|---|---|
| 005 | 20130722090817.0 | ||
| 008 | 130722b2012 ck ||||| |||| 00| 0 spa d | ||
| 020 | _a9789588317724 | ||
| 041 | _aspa | ||
| 044 | _ack | ||
| 082 |
_a678.2 _bS838a |
||
| 245 |
_aAmpliación de la base genética de caucho natural con proyección para la Amazonía colombiana : _bfase de evaluación en periodo improductivo a gran escala / _ceditado por Armando Sterling Cuéllar y Carlos Hernando Rodriguez León |
||
| 260 |
_aBogotá (Colombia) _bInstituto Amazónico de Investigaciones Cinetíficas - SINCHI _c2012. |
||
| 300 |
_a147 p. _btablas. _c24 cm. |
||
| 504 | _aIncluye referencias bibliográficas | ||
| 650 | 6 |
_aCaucho _zAmazonía (Colombia) _9672 |
|
| 650 | 6 |
_aClones _zAmazonía (Colombia) _9673 |
|
| 650 | 6 |
_aFitomejoramiento _zAmazonía (Colombia) _9674 |
|
| 650 | 6 |
_aResistencia magnética _zAmazonía colombiana _9675 |
|
| 650 | 6 |
_aDesempeño de cultivos _zAmazonía (Colombia) _9676 |
|
| 700 |
_aSterling-Cuellar, Armando _eed _9677 |
||
| 700 |
_aRodríguez-León, Carlos Hernando _eed _9678 |
||
| 942 |
_2ddc _cIMPRESO |
||
| 999 |
_c7402 _d7402 |
||